|
|
|
|
| LEADER |
00000cam a2200000 7i4500 |
| 001 |
0000002124 |
| 005 |
20021118.0 |
| 020 |
0 |
0 |
|a 1853836974
|
| 090 |
0 |
0 |
|a 581.6
|b CUN 2001
|
| 100 |
1 |
0 |
|a CUNNINGHAM
|h Anthony B.
|
| 245 |
1 |
0 |
|a Applied ethnobotany :
|b people, willd plant use and conservation
|c Anthony B. Cunningham
|
| 260 |
0 |
0 |
|a London :
|b Earthscan ,
|c 2001
|
| 300 |
|
|
|a xi, 300 p. :
|b ill., maps ;
|c 24 cm.
|
| 440 |
0 |
0 |
|a People and plants conservation manuals
|
| 500 |
0 |
0 |
|a Includes bibliographical references and index
|
| 650 |
0 |
0 |
|a Ethnobotany
|
| 650 |
0 |
0 |
|a Human-plant relationships
|
| 650 |
0 |
0 |
|a Plant conservation
|
| 650 |
0 |
0 |
|a Plants, Useful
|
| 998 |
|
|
|
| 999 |
|
|
|a 0000003513
|b Monograph
|c Open Shelf
|e Default branch
|
| 999 |
|
|
|a 0000006195
|b Monograph
|c Open Shelf
|e Default branch
|